000 00874cam a2200241 4500
001 5739
005 20181127180135.0
010 _a 2010481137
020 _a9780230101142
082 0 4 _a320
_222
100 1 _aHague, Rod.
245 1 0 _aPolitical science :
_ba comparative introduction /
_cRod Hague and Martin Harrop.
250 _a6th ed.
260 _aNew York :
_bPalgrave Macmillan,
_c2010.
300 _axv, 442 p. :
_bill., maps ;
_c25 cm.
490 1 _aComparative government and politics
504 _aIncludes bibliographical references and index.
505 _aStudying politics -- States and regimes -- Political Mobilization -- Government and governance -- Public policy.
_g
_r
_t
650 0 _aComparative government.
650 0 _aPolitical science.
700 1 _aHarrop, Martin.
830 0 _aComparative government and politics (Palgrave Macmillan (Firm))
999 _c4850
_d4850